00300nam a2200109 a 450000500170000000800410001705000230005810000200008124500260010126000440012765000190017120140414131849.0100727s19uu xx 00 eng d aTR 372.4bH21 1994 aHarker, Jillian aLearn reading skills. aAuburn, Maine :bLadybird Books,c1994. aReading skills